Corepresentation of grammatical structure /

Bibliographic Details
Main Author: Kac, Michael B.
Format: Book
Language:English
Published: Minneapolis : University of Minnesota Press, [1978]
Subjects:

MARC

Tag First Indicator Second Indicator Subfields
LEADER 00000cam a2200000 i 4500
001 in00000307639
005 20151010151418.0
008 780727s1978 mnua b 00110 eng
010 |a  77075632  
020 |a 0816608105 
035 |a (OCoLC)03997495 
035 |9 ABH9526AM 
040 |a DLC  |c DLC  |d TXA  |d UtOrBLW 
049 |a TXAM  |c [1540916] 
050 0 0 |a P158  |b .K27 1978 
082 0 |a 428 
100 1 |a Kac, Michael B. 
245 1 0 |a Corepresentation of grammatical structure /  |c Michael B. Kac. 
264 1 |a Minneapolis :  |b University of Minnesota Press,  |c [1978] 
264 4 |c ©1978 
300 |a 168 pages :  |b illustrations ;  |c 23 cm. 
336 |a text  |b txt  |2 rdacontent 
337 |a unmediated  |b n  |2 rdamedia 
338 |a volume  |b nc  |2 rdacarrier 
500 |a Includes index. 
504 |a Bibliography: pages 165-166. 
650 0 |a Generative grammar. 
999 |a MARS 
999 f f |s bdb01f07-f6c6-3575-84d5-e1de72b51679  |i 1964ec2d-f2f1-3b94-8382-d07de29c39aa  |t 0 
952 f f |p ric  |a Texas A&M University  |b Rellis Campus  |c Joint Library Facility  |d Remote Storage  |t 0  |e P158 .K27 1978  |h Library of Congress classification  |i unmediated -- volume  |m A14803532752 
998 f f |a P158 .K27 1978  |t 0  |l Remote Storage